Analýza dlhodobého nehmotného majetku v účtovníctve verejného sektora diplomová práca

Salvato in:
Dettagli Bibliografici
Autore principale: Janovičová, Monika
Ente Autore: Fakulta hospodárskej informatiky EU. Katedra účtovníctva a audítorstva
Altri autori: Kršeková, Marianna
Natura: Libro
Lingua:slovacco
Pubblicazione: Bratislava 2012
Tags: Aggiungi Tag
Nessun Tag, puoi essere il primo ad aggiungerne!!

MARC

LEADER 00000nbm a2200000 4500
001 0154805
005 20161109102145.8
041 0 |a slo 
044 |a SK 
245 1 0 |a Analýza dlhodobého nehmotného majetku v účtovníctve verejného sektora  |b diplomová práca  |c Monika Janovičová ; školiteľ: Marianna Kršeková 
264 1 |a Bratislava  |c 2012 
300 |a 75 s. 
100 1 |a Janovičová, Monika 
700 1 |a Kršeková, Marianna 
710 2 |a Fakulta hospodárskej informatiky EU. Katedra účtovníctva a audítorstva